000 00631nam a22002057a 4500
008 190117b xxu||||| |||| 00| 0 eng d
020 _a978-0-89128-474-1
082 _a371.911
_bJ157a
100 _aJacobson, William Henry
245 _aThe art and science of teaching orientation and mobility to persons with visual impairments.-
250 _a2nd. ed.
260 _aNew York:
_bAFB Press,
_c2013
300 _bxvii, 389p.; illus.
504 _aBibliography: p. 347-351
650 _aSpecial education
_95883
650 _aStudy and teaching
650 _aVisual learning
650 _aSocial skills
942 _2ddc
_cGEN
999 _c84128
_d84117